000 00525cam a22001814a 4500
005 20250605164250.0
008 250528s ||||||||||||||||||||||||d
035 _a21712
040 _aGR-AtMCL
_bgre
_dGR-AtMCL
_eAACR2
245 1 _aΕΦΑΡΜΟΣΜΕΝΑ ΜΑΘΗΜΑΤΙΚΑ ΓΙΑ ΟΙΚΟΝΟΜΙΚΕΣ ΕΠΙΣΤΗΜΕΣ ΤΕΥΧΟΣ Β
250 _a1
260 _bΖυγός,
_c1991
300 _a333
700 1 _aΠεκος Γεωργιος Δ
_97513
942 _cBK
999 _c6772
_d6772